Ο αρχοντοχωριάτης και άλλες ιστορίες

Αποθηκεύτηκε σε:
Λεπτομέρειες βιβλιογραφικής εγγραφής
Κύριος συγγραφέας: Moliere, 1622-1673
Άλλοι συγγραφείς: Αγγελίδου, Μαρία (adpf), Παϊσίου, Κατερίνα, 1978- (trlf)
Μορφή: Βιβλίο
Γλώσσα:Greek
Δημοσίευση: Αθήνα : Παπαδόπουλος, 2003.
Θέματα:
Ετικέτες: Προσθήκη ετικέτας
Δεν υπάρχουν, Καταχωρήστε ετικέτα πρώτοι!

MARC

LEADER 00000cam a2200000 i 4500
001 1/61844
008 040924s2003 gr ||| | gre||
020 |a 9604122584 
035 |l 10074545 
040 |a GR-MyUA  |b gre  |e AACR2 
041 0 |a gre 
082 0 |a 808.0683  
100 1 |a Moliere,   |d 1622-1673. 
245 1 2 |a Ο αρχοντοχωριάτης και άλλες ιστορίες /   |c Μολιέρος ; διασκευή Μαρία Αγγελίδου ; εικονογράφηση Κατερίνα Παισίου.  
260 |a Αθήνα :   |b Παπαδόπουλος,   |c 2003.  
300 |a 66 σ. :   |b έγχρ. εικ. ;   |c 30 εκ. 
650 0 0 |a Children's literature. 
700 1 |a Αγγελίδου, Μαρία,  |e adpf 
700 1 |a Παϊσίου, Κατερίνα,   |d 1978-  |e trlf 
852 |a INST  |b SAMOS  |e 20040924  |h 808.0683 MOL  |p 005300023238  |q 005300023238  |t BK  |y 0 
901 |a BIBL3-2004-3 
909 |a Σ  |b 107431 
922 |a 3ΕΛΗ  |b 200406  |c ΤΜΠΕΣ  |d LEADER 
970 |a ΜΑΛΑΓΑΡΗ  |b ΦΩΤΕΙΝΗ  |z 2004/09/24